Online Catalogue and eLibrary

Soviath nattu arivial (Record no. 3579)

MARC details
000 -LEADER
fixed length control field 00379nam a2200145Ia 4500
005 - DATE AND TIME OF LATEST TRANSACTION
control field 20250408021937.0
008 - FIXED-LENGTH DATA ELEMENTS--GENERAL INFORMATION
fixed length control field 240331s9999 xx 000 0 und d
082 ## - DDC Classification
Item Number - Author Mark RAM
Class No. 060
100 ## - MAIN ENTRY--PERSONAL NAME
Personal name Ramachandran, K.N
245 #0 - TITLE STATEMENT
Title Soviath nattu arivial
260 ## - PUBLICATION, DISTRIBUTION, ETC.
Place of publication, distribution, etc. Chennai
Name of publisher, distributor, etc. Vanathi Pathippagam
Date of publication, distribution, etc. 1988
300 ## - PHYSICAL DESCRIPTION
Extent (e.g. Volumes, Pages etc.) 243 p .,
500 ## - GENERAL NOTE
General note Vinveli parappai patriya kadooraikal
942 ## - Koha item type (Biblio)
Koha item type Books in Stacks (Lending)
Holdings
Lost status Damaged status Collection code Home library Current library Shelving location Date acquired Full call number Accession Number Item type
    Lending WERC Library WERC Library Social Science Cupboard 03/31/2024 060 RAM 805 Books in Stacks (Lending)

© WERC Library